[Event "OLNN 2122 Schachfreunde HH - Hamburger"]
[Site "?"]
[Date "2022.04.03"]
[Round "8.6"]
[White "Dietz, Juergen"]
[Black "Kotyk, Michael"]
[Result "0-1"]
[WhiteElo "2113"]
[BlackElo "2170"]
[PlyCount "76"]
[EventDate "2022.??.??"]

1. f4 Nh6 2. Nf3 g6 3. d3 d5 4. e3 Bg7 5. Be2 O-O 6. O-O a5 7. e4 a4 8. c3 c5
9. h3 c4 10. exd5 Qxd5 11. dxc4 Qc5+ 12. Kh2 Be6 13. Na3 Nc6 14. Qe1 Na5 15.
Qf2 Qxf2 16. Rxf2 Rac8 17. g4 Bxg4 18. hxg4 Nxg4+ 19. Kg3 Nxf2 20. Kxf2 Nc6 21.
Nb5 Na5 22. Na3 f6 23. f5 Rc5 24. Nd4 Re8 25. Bf3 gxf5 26. Bd5+ Kh8 27. Nxf5 e6
28. Be3 Bf8 29. Bxc5 Bxc5+ 30. Nd4 exd5 31. cxd5 Rd8 32. Nac2 Rxd5 33. Kf3 Kg7
34. Rg1+ Kf7 35. Rh1 Kg6 36. Ne3 Rg5 37. Ke4 Nc6 38. Nxc6 bxc6 0-1

[Event "OLNN 2122 Schachfreunde HH - Hamburger"]
[Site "?"]
[Date "2022.04.03"]
[Round "8.7"]
[White "Rogozenco, Teodora"]
[Black "Mix, Clemens"]
[Result "0-1"]
[WhiteElo "1954"]
[BlackElo "1993"]
[PlyCount "54"]
[EventDate "2022.??.??"]

1. d4 Nf6 2. c4 e6 3. Nc3 Bb4 4. Qc2 O-O 5. Nf3 d5 6. cxd5 exd5 7. Bg5 c5 8. e3
h6 9. Bxf6 Qxf6 10. Be2 Bf5 11. Qb3 Nc6 12. O-O c4 13. Qd1 Bxc3 14. bxc3 b5 15.
Qd2 a5 16. a3 Qd6 17. Qa2 Ra7 18. Qb2 Rb8 19. Nd2 Re7 20. Rfe1 b4 21. axb4 axb4
22. Ra6 bxc3 23. Qxc3 Qb4 24. Qc1 Na5 25. e4 Bxe4 26. Bf3 Nb3 27. Nxb3 cxb3 0-1

[Event "OLNN 2122 Schachfreunde HH - Hamburger"]
[Site "?"]
[Date "2022.04.03"]
[Round "8.8"]
[White "Hermann, Matthias"]
[Black "Holinka, Henning"]
[Result "1-0"]
[WhiteElo "2220"]
[BlackElo "2261"]
[PlyCount "79"]
[EventDate "2022.??.??"]

1. Nc3 d5 2. e4 dxe4 3. d3 exd3 4. Bxd3 Nd7 5. Qe2 Nc5 6. Bc4 Be6 7. Be3 Bxc4
8. Qxc4 Nd7 9. O-O-O c6 10. Nf3 Ngf6 11. Ne5 e6 12. Rxd7 Nxd7 13. Rd1 Nxe5 14.
Rxd8+ Rxd8 15. Qe4 Ng6 16. Bxa7 Be7 17. Be3 O-O 18. a4 Bf6 19. Qb4 Bxc3 20.
Qxc3 Rd5 21. Qb3 Rfd8 22. c4 R5d7 23. Qc3 Rd3 24. Qa5 f5 25. Kc2 f4 26. Bb6
R8d7 27. g3 f3 28. h4 Kf7 29. h5 Ne7 30. Qe5 Rd2+ 31. Kb1 Nf5 32. Qf4 Re2 33.
Be3 Rd1+ 34. Ka2 Ke8 35. Qxf3 Ree1 36. Bc5 Nd6 37. Qg4 Nf5 38. Qf4 Rd7 39. Qb8+
Rd8 40. Qxb7 1-0

[Event "OLNN 2122 Preetzer TSV - SF Schwerin"]
[Site "?"]
[Date "2022.05.01"]
[Round "9.1"]
[White "Brynell, Stellan"]
[Black "Ochsner, Bjorn Moller"]
[Result "0-1"]
[WhiteElo "2406"]
[BlackElo "2506"]
[PlyCount "142"]
[EventDate "2022.??.??"]

1. d4 Nf6 2. Nf3 d5 3. c4 e6 4. Nc3 dxc4 5. e4 b5 6. e5 Nd5 7. Nxb5 Nb6 8. Be2
Nc6 9. O-O Be7 10. Be3 O-O 11. Qc1 Rb8 12. Nc3 Bb7 13. Rd1 Nb4 14. Nd2 Qe8 15.
Nxc4 Nxc4 16. Bxc4 Bxg2 17. Kxg2 Qc6+ 18. d5 Qxc4 19. Rd4 Qa6 20. a3 Nxd5 21.
Nxd5 exd5 22. Qxc7 Qe6 23. b4 f6 24. Rad1 Rbd8 25. Qa5 fxe5 26. Rxd5 Qg4+ 27.
Kf1 Qh3+ 28. Kg1 Rde8 29. Rd7 Qg4+ 30. Kf1 Qh3+ 31. Kg1 Qg4+ 32. Kf1 Kh8 33.
Qd5 e4 34. Rc1 Qh3+ 35. Kg1 Qg4+ 36. Kf1 Qf3 37. Ke1 Bh4 38. Qd4 Bf6 39. Qd2
Qh1+ 40. Ke2 Qf3+ 41. Ke1 Qh1+ 42. Ke2 Qxh2 43. Rxa7 Bh4 44. Qd4 Qg2 45. Rcc7
Rxf2+ 46. Bxf2 e3 47. Qxg7+ Qxg7 48. Rxg7 exf2+ 49. Rge7 Bxe7 50. Kxf2 Kg8 51.
Kf3 Kf7 52. b5 Ke6 53. a4 Rf8+ 54. Kg4 h5+ 55. Kh3 Rf3+ 56. Kg2 Rb3 57. Rc7 h4
58. Rc1 h3+ 59. Kh1 Bd6 60. b6 Rxb6 61. a5 Rb5 62. a6 Ra5 63. a7 Rxa7 64. Rb1
Kf5 65. Rd1 Bf4 66. Rb1 Ra2 67. Rd1 Rf2 68. Rb1 Kg4 69. Ra1 Kf3 70. Rb1 Be3 71.
Rb3 Re2 0-1

[Event "OLNN 2122 Preetzer TSV - SF Schwerin"]
[Site "?"]
[Date "2022.05.01"]
[Round "9.2"]
[White "Pedersen, Steffen"]
[Black "Kesten, Sebastian"]
[Result "1/2-1/2"]
[WhiteElo "2344"]
[BlackElo "2298"]
[PlyCount "27"]
[EventDate "2022.??.??"]

1. d4 Nf6 2. Nf3 c5 3. d5 e6 4. c4 exd5 5. cxd5 d6 6. Nc3 g6 7. Nd2 Nbd7 8. e4
Bg7 9. Be2 O-O 10. O-O a6 11. a4 Rb8 12. Qc2 Ne8 13. a5 Nc7 14. Nc4 {(=)}
1/2-1/2

[Event "OLNN 2122 Preetzer TSV - SF Schwerin"]
[Site "?"]
[Date "2022.05.01"]
[Round "9.3"]
[White "Hilwerda, Jonas"]
[Black "Reinecker, Kai"]
[Result "1-0"]
[WhiteElo "2274"]
[BlackElo "2271"]
[PlyCount "51"]
[EventDate "2022.??.??"]

1. e4 e5 2. Nf3 Nf6 3. d4 Nxe4 4. Bd3 d5 5. Nxe5 Nd7 6. Nc3 Bb4 7. O-O Nxe5 8.
dxe5 Nxc3 9. bxc3 Bxc3 10. Rb1 O-O 11. Bxh7+ Kxh7 12. Qd3+ Kg8 13. Qxc3 b6 14.
Qg3 Bf5 15. Bg5 Qd7 16. f4 Bg6 17. f5 Bxf5 18. Rb3 Rae8 19. Bf6 Bg6 20. Qh4
gxf6 21. exf6 Re2 22. Qh6 Rxg2+ 23. Kxg2 Qg4+ 24. Rg3 Qe4+ 25. Kh3 Qe6+ 26. Rg4
1-0

[Event "OLNN 2122 Preetzer TSV - SF Schwerin"]
[Site "?"]
[Date "2022.05.01"]
[Round "9.4"]
[White "Schwarz, Frank"]
[Black "Schulz, Karsten"]
[Result "1/2-1/2"]
[WhiteElo "2227"]
[BlackElo "2301"]
[PlyCount "20"]
[EventDate "2022.??.??"]

1. e4 d6 2. d4 Nf6 3. Nc3 e5 4. Nf3 exd4 5. Nxd4 Be7 6. Be2 O-O 7. O-O Re8 8.
f3 c6 9. a4 a5 10. Be3 Bf8 {(=)} 1/2-1/2

[Event "OLNN 2122 Preetzer TSV - SF Schwerin"]
[Site "?"]
[Date "2022.05.01"]
[Round "9.5"]
[White "Reichmann, Hendrik"]
[Black "Moeller, Dustin"]
[Result "1/2-1/2"]
[WhiteElo "2332"]
[BlackElo "2241"]
[PlyCount "104"]
[EventDate "2022.??.??"]

1. d4 d5 2. Bf4 Nf6 3. Nc3 c5 4. e3 a6 5. dxc5 Nc6 6. a3 e5 7. Bg5 Be6 8. b4
Be7 9. Na4 h6 10. Bh4 Ne4 11. Bxe7 Qxe7 12. Nf3 Rd8 13. Nd2 Qg5 14. h4 Qg6 15.
Nxe4 dxe4 16. Qe2 O-O 17. Nc3 Bg4 18. Qc4 Nd4 19. exd4 Rxd4 20. Qb3 Be6 21. Qb2
e3 22. Ne2 Rd2 23. Qxe5 Qxc2 24. Qxe3 Rfd8 25. f3 Bc4 26. Rc1 Rd1+ 27. Kf2 Qa2
28. Rxd1 Rxd1 29. Rh2 g6 30. g4 Qa1 31. Rh1 Re1 32. Qd2 Rb1 33. Qd8+ Kh7 34.
Qd4 Qa2 35. Qe3 Bxe2 36. Bxe2 Rxh1 37. Kg2 Re1 38. Kf2 Rh1 39. Kg3 Qa1 40. h5
Rg1+ 41. Kh2 Re1 42. hxg6+ fxg6 43. Kg2 Qf6 44. Qe4 Qg7 45. f4 Qd7 46. Kf2 Ra1
47. Bd3 Qf7 48. f5 Rxa3 49. Kg1 gxf5 50. Qd4 Rxd3 51. Qxd3 Qg6 52. Qd7+ Qg7 {
(=)} 1/2-1/2

[Event "OLNN 2122 Preetzer TSV - SF Schwerin"]
[Site "?"]
[Date "2022.05.01"]
[Round "9.6"]
[White "Light, Bjarne"]
[Black "Wolf, Christoph"]
[Result "1-0"]
[WhiteElo "2212"]
[BlackElo "2215"]
[PlyCount "103"]
[EventDate "2022.??.??"]

1. c4 c5 2. g3 Nc6 3. Bg2 g6 4. Nc3 Bg7 5. a3 b6 6. b4 Bb7 7. Rb1 cxb4 8. axb4
Qc8 9. Nd5 e6 10. Ne3 Nd4 11. d3 Ne7 12. Nh3 Bxg2 13. Nxg2 Qb7 14. O-O O-O 15.
Ng5 h6 16. Ne4 d5 17. Nd2 dxc4 18. dxc4 Rfd8 19. Bb2 Nec6 20. e3 Nf5 21. Bxg7
Nxg7 22. f4 Qd7 23. Rf2 a5 24. bxa5 bxa5 25. Qf3 Nb4 26. Ne4 Qd3 27. Rc1 f5 28.
Nc5 Qa3 29. Rd1 Rac8 30. Rd7 Rxd7 31. Nxd7 Qc1+ 32. Rf1 Qc3 33. Ne5 Kh7 34. Qb7
Rc5 35. Qf7 Rxe5 36. fxe5 Qxe5 37. Qa7 g5 38. Qd4 Qc7 39. Rd1 Qb7 40. Qc5 Qe4
41. Qd4 Qc2 42. Ne1 Qe2 43. c5 a4 44. Qd2 Qxd2 45. Rxd2 a3 46. Nc2 a2 47. Na1
Ne8 48. Rb2 Nd3 49. Rb7+ Kg6 50. c6 Nc5 51. c7 Nd6 52. Rb8 1-0

[Event "OLNN 2122 Preetzer TSV - SF Schwerin"]
[Site "?"]
[Date "2022.05.01"]
[Round "9.8"]
[White "Kornrumpf, Joachim"]
[Black "Heinsohn, Wilfried"]
[Result "1-0"]
[WhiteElo "2050"]
[BlackElo "2131"]
[PlyCount "69"]
[EventDate "2022.??.??"]

1. b3 e5 2. Bb2 Nc6 3. c4 Nf6 4. e3 d5 5. cxd5 Nxd5 6. a3 Bd6 7. Qc2 O-O 8. Nf3
Qe7 9. d3 Be6 10. Be2 Rad8 11. Nbd2 Nf6 12. O-O Rfe8 13. b4 a6 14. Rac1 Bf5 15.
Ne4 Nxe4 16. dxe4 Bd7 17. Nd2 Qg5 18. Nc4 Bh3 19. Bf3 Re6 20. Kh1 Bg4 21. Bxg4
Qxg4 22. f3 Qg5 23. Rcd1 b5 24. Nxd6 Rexd6 25. Rxd6 Rxd6 26. f4 Qe7 27. h3 f6
28. Rc1 Qd7 29. a4 Qf7 30. axb5 axb5 31. Qc5 Qb3 32. fxe5 fxe5 33. Bxe5 Nxe5
34. Qxe5 Rd1+ 35. Kh2 1-0

[Event "OLNN 2122 SK Johanneum Eppendorf - SK D"]
[Site "?"]
[Date "2022.05.01"]
[Round "9.1"]
[White "Hector, Jonny"]
[Black "von Gleich, Alexander"]
[Result "1-0"]
[WhiteElo "2438"]
[BlackElo "2331"]
[PlyCount "73"]
[EventDate "2022.??.??"]

1. e4 c5 2. Nf3 g6 3. d4 cxd4 4. Nxd4 Bg7 5. Nc3 Nc6 6. Nb3 Nf6 7. Be2 O-O 8.
O-O d6 9. Re1 Be6 10. Bg5 a5 11. Bb5 Ne5 12. Nd4 Bd7 13. a4 Rc8 14. h3 h6 15.
Bd2 Qb6 16. Be3 Rxc3 17. bxc3 Qc7 18. Bxd7 Qxd7 19. f3 Rc8 20. Nb5 Nc4 21. Qe2
d5 22. Bf2 dxe4 23. Rad1 Qe6 24. fxe4 Ne5 25. Rd4 Nh5 26. Red1 Nf4 27. Qe3 g5
28. Rd8+ Kh7 29. Rxc8 Qxc8 30. Bg3 Nfg6 31. Qe2 e6 32. Kh1 f5 33. Nd6 Qxc3 34.
exf5 exf5 35. Nxf5 Bf6 36. Qe4 Qc8 37. Bxe5 1-0

[Event "OLNN 2122 SK Johanneum Eppendorf - SK D"]
[Site "?"]
[Date "2022.05.01"]
[Round "9.2"]
[White "Schroeder, Christoph"]
[Black "Arndt, Magnus"]
[Result "0-1"]
[WhiteElo "2136"]
[BlackElo "2343"]
[PlyCount "106"]
[EventDate "2022.??.??"]

1. e4 e5 2. Nc3 Nf6 3. Nf3 Nc6 4. d4 exd4 5. Nxd4 Bb4 6. Nxc6 bxc6 7. Bd3 O-O
8. O-O Re8 9. Bg5 Rb8 10. Qf3 Bd6 11. Bxf6 Qxf6 12. Qxf6 gxf6 13. Nd1 Bc5 14.
Rb1 d5 15. Nc3 Be6 16. Na4 Bd6 17. b3 Bd7 18. Rfe1 Re7 19. exd5 Rxe1+ 20. Rxe1
cxd5 21. c4 d4 22. c5 Bf8 23. Rc1 Bxa4 24. bxa4 Rb2 25. g3 Rd2 26. Bf5 Rxa2 27.
Rc4 Rd2 28. Kg2 a5 29. Kf3 h5 30. h4 Be7 31. Rc2 Rxc2 32. Bxc2 Bxc5 33. Ke2 Kg7
34. Kd3 Bb6 35. Bb3 f5 36. Bc2 f4 37. gxf4 Bc5 38. Bd1 Kh6 39. Be2 Be7 40. Kxd4
Bxh4 41. Ke3 Be7 42. Ke4 Bc5 43. Kf5 h4 44. Bg4 Bxf2 45. Kf6 c5 46. Ke5 c4 47.
Ke4 c3 48. Kd3 Be1 49. Bf5 Bd2 50. Bg4 Kg7 51. Bh3 Kf6 52. Bg4 Ke7 53. Bh3 Kd6
0-1

[Event "OLNN 2122 SK Johanneum Eppendorf - SK D"]
[Site "?"]
[Date "2022.05.01"]
[Round "9.3"]
[White "Boe, Mads"]
[Black "Zart, Ruediger"]
[Result "1-0"]
[WhiteElo "2293"]
[BlackElo "2144"]
[PlyCount "123"]
[EventDate "2022.??.??"]

1. e4 c6 2. d4 d5 3. Nd2 dxe4 4. Nxe4 Bf5 5. Ng3 Bg6 6. Nh3 Nd7 7. Nf4 e5 8.
Nxg6 hxg6 9. dxe5 Nxe5 10. Qxd8+ Rxd8 11. Be3 b6 12. Be2 Nf6 13. O-O Bd6 14.
Rfe1 O-O 15. Rad1 Bc7 16. a3 Rxd1 17. Rxd1 Rd8 18. Rxd8+ Bxd8 19. h3 Kf8 20. f4
Ned7 21. Bf3 c5 22. Kf1 Ke7 23. Ke2 Ke6 24. Kd3 Nd5 25. Bd2 Bc7 26. Ne2 Bd6 27.
c4 Nc7 28. b3 Nf6 29. g4 Ke7 30. Bb7 Nd7 31. Ke4 Nf6+ 32. Kf3 Nd7 33. Bc3 f6
34. Be4 Nf8 35. b4 Nfe6 36. b5 Nd8 37. a4 Nf7 38. Bd5 Ne6 39. h4 Nh6 40. a5 Nc7
41. Bb7 Nf7 42. Be4 g5 43. axb6 axb6 44. hxg5 fxg5 45. Bg6 gxf4 46. Bxf7 Kxf7
47. Nxf4 Bxf4 48. Kxf4 Ke7 49. Kf5 Ne8 50. Be5 Kf7 51. Bb8 Nf6 52. g5 g6+ 53.
Ke5 Nh7 54. Bc7 Nxg5 55. Bxb6 Ne6 56. Kd5 Ke7 57. Bxc5+ Kd7 58. Bf2 g5 59. Bg3
g4 60. c5 Ng7 61. c6+ Kc8 62. b6 1-0

[Event "OLNN 2122 SK Johanneum Eppendorf - SK D"]
[Site "?"]
[Date "2022.05.01"]
[Round "9.4"]
[White "Behrhorst, Frank"]
[Black "Beeck, Mats"]
[Result "0-1"]
[WhiteElo "2227"]
[BlackElo "2169"]
[PlyCount "106"]
[EventDate "2022.??.??"]

1. d4 Nf6 2. c4 e6 3. Nc3 Bb4 4. f3 d5 5. a3 Be7 6. e4 dxe4 7. fxe4 c5 8. d5
exd5 9. exd5 O-O 10. Nf3 Bg4 11. Be2 Bd6 12. O-O Nbd7 13. Bg5 h6 14. Bh4 Re8
15. Qd2 a6 16. Rae1 Qc7 17. h3 Bf4 18. Qc2 Bh5 19. g4 Bg6 20. Bd3 Bxd3 21. Qxd3
Bg3 22. Rxe8+ Rxe8 23. Bxf6 Nxf6 24. Kg2 Be5 25. Re1 Bxc3 26. Rxe8+ Nxe8 27.
Qxc3 Nd6 28. Qe5 Qd7 29. b3 b5 30. cxb5 axb5 31. a4 bxa4 32. bxa4 Nc4 33. Qb8+
Kh7 34. Qb1+ g6 35. Qd3 Nb6 36. a5 Nxd5 37. Kf2 Qd6 38. Nd2 Nb4 39. Qc4 Qf6+
40. Nf3 Kg7 41. Kg2 Qc6 42. h4 Qc7 43. g5 hxg5 44. hxg5 Qxa5 45. Qc3+ Kg8 46.
Qe5 Qa2+ 47. Kg3 Qd5 48. Qe8+ Kg7 49. Ne5 Nd3 50. Nd7 Qxg5+ 51. Kf3 Qd5+ 52.
Kg3 Qd6+ 53. Kg2 c4 0-1

[Event "OLNN 2122 SK Johanneum Eppendorf - SK D"]
[Site "?"]
[Date "2022.05.01"]
[Round "9.5"]
[White "Junge, Ralph"]
[Black "Wirthgen, Peter"]
[Result "1/2-1/2"]
[WhiteElo "2224"]
[BlackElo "2101"]
[PlyCount "56"]
[EventDate "2022.??.??"]

1. d4 d5 2. Bg5 h6 3. Bh4 c6 4. e3 Qb6 5. b3 e5 6. Nf3 Bg4 7. Be2 Nd7 8. O-O e4
9. Nfd2 Bxe2 10. Qxe2 Ne7 11. f3 g5 12. Bg3 Nf5 13. fxe4 Nxd4 14. exd4 Qxd4+
15. Kh1 Qxa1 16. exd5+ Kd8 17. Rxf7 Qd4 18. Rxd7+ Kxd7 19. Qe6+ Kd8 20. c3 Qxd5
21. Qf6+ Kd7 22. Qxh8 Re8 23. c4 Qd3 24. Qf6 Bd6 25. Qf3 Re3 26. Qf7+ Re7 27.
Qf3 Re3 28. Qf7+ Re7 1/2-1/2

[Event "OLNN 2122 SK Johanneum Eppendorf - SK D"]
[Site "?"]
[Date "2022.05.01"]
[Round "9.6"]
[White "Keyser, Robin"]
[Black "Luckow, Rolf"]
[Result "1/2-1/2"]
[WhiteElo "2106"]
[BlackElo "2203"]
[PlyCount "99"]
[EventDate "2022.??.??"]

1. d4 Nf6 2. c4 g6 3. h4 h5 4. Nc3 d5 5. Bg5 c6 6. cxd5 Nxd5 7. e4 Nxc3 8. bxc3
Bg7 9. Qd2 Nd7 10. Nf3 Qa5 11. Rc1 b6 12. Bd3 Ba6 13. Bxa6 Qxa6 14. Qe2 Qxe2+
15. Kxe2 O-O 16. Rhd1 e6 17. Nd2 Bf6 18. Nc4 Bxg5 19. hxg5 b5 20. Nd6 Nb6 21.
c4 Nc8 22. c5 a6 23. d5 exd5 24. exd5 Ne7 25. dxc6 Nxc6 26. Ne4 Rfd8 27. Ke3
Rac8 28. Rd6 Kf8 29. Rcd1 Ke7 30. Nf6 Rxd6 31. cxd6+ Ke6 32. d7 Rd8 33. Ne4 Nb8
34. Rd6+ Ke7 35. Rb6 Nxd7 36. Rxa6 Rb8 37. Kd4 b4 38. Kc4 Ne5+ 39. Kb3 Rb5 40.
f4 Nd7 41. Kc4 Rf5 42. Ra7 Kd8 43. g3 h4 44. gxh4 Rxf4 45. Kd5 Nb6+ 46. Ke5
Rf5+ 47. Kd4 Rd5+ 48. Ke3 Nc4+ 49. Ke2 Ra5 50. Rxa5 1/2-1/2

[Event "OLNN 2122 SK Johanneum Eppendorf - SK D"]
[Site "?"]
[Date "2022.05.01"]
[Round "9.7"]
[White "Boehm, Thomas"]
[Black "Schueler, Hendrik"]
[Result "1-0"]
[WhiteElo "2160"]
[BlackElo "2066"]
[PlyCount "149"]
[EventDate "2022.??.??"]

1. e4 e6 2. d4 d5 3. exd5 exd5 4. Nf3 Bd6 5. c4 c6 6. Nc3 Ne7 7. Be2 dxc4 8.
Bxc4 O-O 9. O-O Nd7 10. Ne4 Nb6 11. Bb3 Bf5 12. Re1 Nbd5 13. Bg5 f6 14. Nxd6
Qxd6 15. Bh4 Rfe8 16. Bg3 Qd7 17. Nd2 Bg6 18. Ne4 Bxe4 19. Rxe4 Nf5 20. f3 Nxg3
21. hxg3 Kf8 22. Qd3 g6 23. Qd2 Kg7 24. Rae1 f5 25. Re5 Nf6 26. Qe3 Qd6 27.
Re7+ Kh8 28. Qe5 Qxe7 29. Qxe7 Rxe7 30. Rxe7 Rd8 31. Rxb7 Rxd4 32. Rxa7 Rd2 33.
Rc7 Rxb2 34. Rxc6 Nh5 35. Rc2 Rb1+ 36. Kf2 f4 37. gxf4 Nxf4 38. Rd2 g5 39. g3
Ng6 40. Rd5 h6 41. Rd6 Rb2+ 42. Ke3 Kg7 43. Rd2 Rxd2 44. Kxd2 Kf6 45. Ke3 Ne7
46. g4 Ke5 47. a4 Nc6 48. Bc2 Na5 49. Bd3 Nb3 50. Be4 Kd6 51. Bc2 Na5 52. Ke4
Nc6 53. Bd3 Kc5 54. Bb5 Nd4 55. Bd7 Ne2 56. a5 Nf4 57. a6 Kb6 58. Bc8 Ne2 59.
Bb7 Nf4 60. Kf5 Ka7 61. Kf6 Kb6 62. Kg7 Ka7 63. Kxh6 Nh3 64. Kg6 Kb6 65. Kf5
Ka7 66. f4 gxf4 67. Bg2 Nf2 68. Bf1 f3 69. Kf4 Nd1 70. Kxf3 Nc3 71. Bc4 Nb1 72.
Kf4 Nd2 73. Bd3 Nb3 74. g5 Nc5 75. Bc4 1-0

[Event "OLNN 2122 SK Johanneum Eppendorf - SK D"]
[Site "?"]
[Date "2022.05.01"]
[Round "9.8"]
[White "Keyser, Philipp"]
[Black "Budzyn, Matthias"]
[Result "1-0"]
[WhiteElo "2030"]
[BlackElo "2157"]
[PlyCount "123"]
[EventDate "2022.??.??"]

1. e4 e5 2. Nf3 Nc6 3. Bb5 a6 4. Ba4 Nf6 5. O-O Be7 6. Re1 b5 7. Bb3 d6 8. c3
O-O 9. h3 Na5 10. Bc2 c5 11. d4 Qc7 12. d5 Bd7 13. b3 Rfc8 14. Nbd2 g6 15. Nf1
Bf8 16. Bg5 Ne8 17. Ng3 f6 18. Bd2 Nb7 19. c4 Nd8 20. Nh2 Nf7 21. Ng4 h5 22.
Ne3 Bh6 23. Rf1 Ng7 24. Ne2 Bf4 25. Bd3 Bxe3 26. Bxe3 f5 27. f4 bxc4 28. bxc4
fxe4 29. Bxe4 Nf5 30. Bxf5 Bxf5 31. Ng3 exf4 32. Rxf4 Qe7 33. Nxf5 gxf5 34. Qf3
Nh6 35. Re1 Qg5 36. Qf2 Re8 37. Rf3 Qe7 38. Bd2 Qf8 39. Rg3+ Kh7 40. Bc3 Rxe1+
41. Qxe1 Ra7 42. Qe6 Ng4 43. hxg4 hxg4 44. Re3 Rf7 45. Qe8 Qxe8 46. Rxe8 Rb7
47. Re1 f4 48. Kf2 Kg6 49. Re6+ Kf5 50. Rxd6 Rb1 51. Rf6+ Ke4 52. Ke2 Rg1 53.
Re6+ Kf5 54. Re5+ Kg6 55. d6 f3+ 56. gxf3 gxf3+ 57. Kxf3 Rd1 58. Rd5 Rxd5 59.
cxd5 Kf7 60. Ke3 Ke8 61. Ke4 Kd7 62. Be5 1-0

[Event "OLNN 2122 Lübecker SV - SC Diogenes"]
[Site "?"]
[Date "2022.05.01"]
[Round "9.1"]
[White "Schulenburg, Torben"]
[Black "Kalinitschew, Sergey"]
[Result "1-0"]
[WhiteElo "2210"]
[BlackElo "2405"]
[PlyCount "141"]
[EventDate "2022.??.??"]

1. d4 e6 2. c4 b6 3. Nc3 Bb4 4. e4 Bb7 5. Bd3 f5 6. Qh5+ g6 7. Qh3 fxe4 8. Bc2
Qf6 9. Nge2 Nc6 10. Bxe4 O-O-O 11. a3 Bxc3+ 12. Qxc3 Nge7 13. Be3 d5 14. cxd5
Nxd5 15. Bxd5 Rxd5 16. O-O-O Rhd8 17. Rd2 a5 18. Rhd1 Qf7 19. f3 Ne7 20. Nf4
R5d6 21. Kb1 g5 22. Nh3 h6 23. Qc4 Qf5+ 24. Ka1 b5 25. Qe2 b4 26. Rc1 Nd5 27.
Bf2 Rb6 28. Qd3 Qxd3 29. Rxd3 Kd7 30. Bg3 Ba6 31. Rd2 Rdb8 32. axb4 Rxb4 33.
Nf2 Bc4 34. Ne4 Ra4+ 35. Kb1 Ba2+ 36. Ka1 Bc4+ 37. Kb1 Ba2+ 38. Ka1 Bc4+ 39.
Kb1 Rab4 40. Nc3 a4 41. Nxd5 exd5 42. Rc3 Re8 43. Kc1 Rb6 44. Be5 Rbe6 45. g3
Rg8 46. Re3 Rc6 47. Rc3 h5 48. Rf2 h4 49. f4 gxf4 50. Rxf4 hxg3 51. hxg3 Rh6
52. Rf7+ Ke6 53. Rcf3 c5 54. Rb7 cxd4 55. Rb6+ Kxe5 56. Rxh6 d3 57. Rh4 Rb8 58.
Rf2 Rb3 59. g4 a3 60. bxa3 Kd4 61. Rb2 Rxa3 62. Kd2 Ke5 63. Rh1 Kf4 64. Rg1 d4
65. g5 Ra8 66. g6 Rh8 67. g7 Rh2+ 68. Kc1 Rxb2 69. Kxb2 Bg8 70. Kc1 Ke3 71.
Re1+ 1-0

[Event "OLNN 2122 Lübecker SV - SC Diogenes"]
[Site "?"]
[Date "2022.05.01"]
[Round "9.2"]
[White "Kreuzholz, Michael"]
[Black "Schulenburg, Fabian"]
[Result "1/2-1/2"]
[WhiteElo "2316"]
[BlackElo "2312"]
[PlyCount "95"]
[EventDate "2022.??.??"]

1. e4 d5 2. exd5 Qxd5 3. Nc3 Qa5 4. d4 Nf6 5. Nf3 c6 6. Bc4 Bf5 7. Bd2 Qc7 8.
Ne5 e6 9. g4 Be4 10. Nxe4 Nxe4 11. Bf4 Nd7 12. Qf3 Qa5+ 13. c3 Nd6 14. Bb3 Nxe5
15. dxe5 Nb5 16. O-O-O Be7 17. h4 Nc7 18. Kb1 Nd5 19. Bd2 Qb6 20. g5 g6 21. c4
Nb4 22. Be3 Qa5 23. h5 Rf8 24. Qf4 Rd8 25. Rxd8+ Qxd8 26. Rd1 Qc7 27. Rd4 b6
28. Qe4 Na6 29. f4 Nb8 30. Rd3 Rg8 31. Bd1 Kf8 32. Bf3 Kg7 33. Bd2 Rd8 34. Bc3
Rxd3 35. Qxd3 Kf8 36. hxg6 hxg6 37. Qd4 Qd7 38. Kc2 Ke8 39. b4 Kd8 40. Qe3 Kc8
41. a3 Qc7 42. Be4 Qd7 43. Be1 Qd8 44. Bf2 Qd7 45. Qc3 Qc7 46. Qf3 Qd7 47. Qc3
Qc7 48. Qf3 1/2-1/2

[Event "OLNN 2122 Lübecker SV - SC Diogenes"]
[Site "?"]
[Date "2022.05.01"]
[Round "9.3"]
[White "Kaid, Almar"]
[Black "Schmidt, Harald"]
[Result "1/2-1/2"]
[WhiteElo "2264"]
[BlackElo "2337"]
[PlyCount "173"]
[EventDate "2022.??.??"]

1. c4 e5 2. g3 g6 3. Bg2 Bg7 4. Nc3 Nh6 5. e4 d6 6. Nge2 Be6 7. d3 Nc6 8. Nd5
f5 9. h4 fxe4 10. Bg5 Qc8 11. dxe4 Ng8 12. Qd2 Nd8 13. b3 Nf7 14. Be3 c6 15.
Ndc3 Nf6 16. f3 Qc7 17. Rc1 Qe7 18. O-O h6 19. Rfd1 g5 20. hxg5 hxg5 21. g4 a6
22. Ng3 O-O-O 23. Nd5 Nxd5 24. cxd5 Bd7 25. dxc6 Bxc6 26. Nf5 Qf6 27. Qa5 Kd7
28. Qb6 Rc8 29. a4 Bf8 30. b4 Qd8 31. Qxd8+ Rxd8 32. a5 Rg8 33. Bf1 Nh6 34. Bc4
Nxf5 35. gxf5 Rg7 36. Kf2 g4 37. Be6+ Ke7 38. Bh6 gxf3 39. Bxg7 Bxg7 40. Bd5
Bh6 41. Rc3 Rh8 42. Kxf3 Bf4 43. Kg4 Bb5 44. Rc2 Be8 45. Kf3 Bh5+ 46. Kf2 Bxd1
47. Rc7+ Kd8 48. Rxb7 Rh2+ 49. Ke1 Bf3 50. Rb8+ Kc7 51. Rb7+ Kd8 52. Rg7 Re2+
53. Kf1 Rc2 54. f6 Be3 55. Rg8+ Kc7 56. Rg7+ Kb8 57. Rg8+ Rc8 58. f7 Bh6 59.
Be6 Rf8 60. Rg6 Bxe4 61. Rxh6 Kc7 62. Rh3 d5 63. Rg3 Kd6 64. Rg8 Ke7 65. Ke2 d4
66. Rxf8 Kxf8 67. Bc8 Kxf7 68. Bxa6 Ke6 69. Bc4+ Kd6 70. b5 Kc5 71. b6 Kc6 72.
Kd2 Bf3 73. Kc2 Kc5 74. Ba6 Kc6 75. Bc4 Bg2 76. Kd2 e4 77. Bd5+ Kxd5 78. b7 e3+
79. Kc1 d3 80. b8=Q d2+ 81. Kb2 Ke4 82. Qd6 Bf3 83. a6 Kf5 84. a7 Kg4 85. Kc2
Be4+ 86. Kc3 Kf3 87. Qxd2 1/2-1/2

[Event "OLNN 2122 Lübecker SV - SC Diogenes"]
[Site "?"]
[Date "2022.05.01"]
[Round "9.4"]
[White "Krause, Ullrich"]
[Black "Mach, Holger"]
[Result "1/2-1/2"]
[WhiteElo "2202"]
[BlackElo "2200"]
[PlyCount "56"]
[EventDate "2022.??.??"]

1. Nf3 g6 2. c4 Bg7 3. d4 Nf6 4. g3 O-O 5. Bg2 d6 6. O-O Nbd7 7. Nc3 e5 8. e4
c6 9. Rb1 a5 10. h3 exd4 11. Nxd4 Nc5 12. Be3 Re8 13. Qc2 Qe7 14. Rbe1 Bd7 15.
f3 Ne6 16. Nde2 Nc7 17. f4 d5 18. Bb6 Na6 19. cxd5 Nb4 20. Qd2 cxd5 21. a3 dxe4
22. axb4 Qxb4 23. Be3 Rad8 24. Rd1 Bxh3 25. Qxd8 Bxg2 26. Kxg2 Rxd8 27. Rxd8+
Bf8 28. Bd4 Qe7 1/2-1/2

[Event "OLNN 2122 Lübecker SV - SC Diogenes"]
[Site "?"]
[Date "2022.05.01"]
[Round "9.5"]
[White "Laqua, Christian"]
[Black "Lampe, Dirk"]
[Result "0-1"]
[WhiteElo "2101"]
[BlackElo "2160"]
[PlyCount "52"]
[EventDate "2022.??.??"]

1. c4 g6 2. g3 Bg7 3. Bg2 d6 4. Nc3 Nf6 5. d4 O-O 6. e3 Nbd7 7. Nge2 e5 8. b3
Re8 9. a4 exd4 10. exd4 d5 11. c5 Ne4 12. Nxe4 dxe4 13. Be3 c6 14. Rc1 Nf6 15.
O-O Bg4 16. h3 Bxe2 17. Qxe2 Nd5 18. Rc4 h6 19. b4 a6 20. Rb1 Qd7 21. Rc2 Kh7
22. b5 axb5 23. axb5 Ra3 24. bxc6 bxc6 25. Qe1 Nxe3 26. fxe3 Rxe3 0-1

[Event "OLNN 2122 Lübecker SV - SC Diogenes"]
[Site "?"]
[Date "2022.05.01"]
[Round "9.6"]
[White "Bosselmann, Tom Linus"]
[Black "Gottuk, Stefan"]
[Result "1/2-1/2"]
[WhiteElo "2038"]
[BlackElo "2161"]
[PlyCount "40"]
[EventDate "2022.??.??"]

1. e4 e6 2. d4 d5 3. Bd3 Nf6 4. e5 Nfd7 5. c3 c5 6. Nf3 Nc6 7. Be3 b6 8. Bb5
Bb7 9. O-O Be7 10. Re1 h6 11. Nbd2 a6 12. Bd3 Qc7 13. Rc1 c4 14. Be2 g5 15. Nf1
O-O-O 16. b3 Na5 17. N3d2 Kb8 18. Ng3 f6 19. exf6 Nxf6 20. Bf3 Rdg8 1/2-1/2

[Event "OLNN 2122 Lübecker SV - SC Diogenes"]
[Site "?"]
[Date "2022.05.01"]
[Round "9.7"]
[White "Kilic, Oguz"]
[Black "Bornholdt, Joa Max"]
[Result "1-0"]
[WhiteElo "2042"]
[BlackElo "2165"]
[PlyCount "75"]
[EventDate "2022.??.??"]

1. e4 c5 2. Nc3 a6 3. g3 b5 4. Bg2 Bb7 5. d3 e6 6. Nh3 Be7 7. O-O Nc6 8. f4 h5
9. f5 b4 10. Ne2 e5 11. c4 bxc3 12. bxc3 Nf6 13. Rb1 Rb8 14. Nf2 d6 15. Be3 h4
16. g4 Nd7 17. Qd2 Nb6 18. g5 Bc8 19. Bh3 f6 20. Kh1 d5 21. gxf6 gxf6 22. Bh6
Bf8 23. Bxf8 Kxf8 24. Rg1 Bd7 25. Rg6 Be8 26. Rh6 Rg8 27. Rg1 Bf7 28. Rxh4 c4
29. dxc4 dxc4 30. Qh6+ Ke7 31. Rd1 Qf8 32. Qe3 Qc8 33. Qc5+ Ke8 34. Ng4 Nd7 35.
Qd6 Rb2 36. Ng3 Rb7 37. Rh7 Nd8 38. Nh6 1-0